[Event "Xtracon Chess Open 2018"]
[Site "Elsinore"]
[Date "2018.07.24"]
[Round "5"]
[White "Jensen, Johannes Frank"]
[Black "Andreasen, Jon S."]
[Result "0-1"]
[WhiteElo "1354"]
[BlackElo "1736"]
[EventDate "2018.07.21"]
[WhiteFideId "1457942"]
[BlackFideId "7201400"]

1.d4 Nf6 2.Nc3 e6 3.Nf3 Bb4 4.Bg5 c5 5.e3 cxd4 6.Qxd4 Nc6 7.Qf4 a6 8.Bd3 
h6 9.Bxf6 gxf6 10.O-O d5 11.Rad1 Bd6 12.Qg4 Ne5 13.Nxe5 fxe5 14.h3 e4 15.
Be2 Qc7 16.Qg7 Be5 17.Qg4 Bd7 18.Qh4 Qd8 19.Qxd8+ Rxd8 20.f4 exf3 21.Bxf3 
h5 22.Rf2 Ke7 23.Rdf1 Rdg8 24.Be2 f5 25.Bd3 Rg5 26.a3 Rhg8 27.b4 Bxc3 28.
Rb1 Rg3 29.Kh2 Be5 30.Kh1 Rxe3 31.Rd2 Bc6 32.Rf2 d4 33.Rd2 Rxh3+ 34.Kg1 
Rhg3 35.Bf1 h4 36.Rd3 h3 37.Rxg3 Rxg3 38.b5 axb5 39.a4 bxa4 40.Rb3 axb3 
41.cxb3 Bxg2 42.Bxg2 Rxg2+ 43.Kh1 Rb2 44.Kg1 h2+ 45.Kh1 Rb1+ 46.Kg2 h1=Q+ 
47.Kf2 Rb2# 0-1

[Event "Xtracon Chess Open 2018"]
[Site "Elsinore"]
[Date "2018.07.24"]
[Round "5"]
[White "Horslund, Mikael"]
[Black "Schouten, Ken Ronny"]
[Result "0-1"]
[WhiteElo "1714"]
[BlackElo "1309"]
[EventDate "2018.07.21"]
[WhiteFideId "1421042"]
[BlackFideId "1533010"]

1.e4 d6 2.d4 Nf6 3.Nc3 g6 4.Be2 Bg7 5.Be3 Nbd7 6.Qd2 O-O 7.O-O-O c5 8.d5 
Re8 9.g4 Ne5 10.h3 a6 11.f4 Ned7 12.g5 Nh5 13.Bxh5 gxh5 14.Qe2 h4 15.Nf3 
b5 16.Nxh4 Nb6 17.Nf5 Bxf5 18.exf5 Nc4 19.h4 Nxe3 20.Qxe3 Bd4 21.Rxd4 cxd4
22.Qxd4 Qd7 23.Qd3 f6 24.Rg1 Kf7 25.Ne2 Rh8 26.Nd4 Qa7 27.Re1 Rae8 28.h5 
Rc8 29.Kb1 Rhe8 30.gxf6 exf6 31.Rxe8 Rxe8 32.c3 Qe7 33.Ne6 Qa7 34.Qg3 Rg8 
35.Qf3 Qg1+ 36.Kc2 Qg2+ 37.Qxg2 Rxg2+ 38.Kb3 Rh2 39.Nc7 Rxh5 40.Nxa6 Rxf5 
41.Nc7 h5 42.Nxb5 Rxd5 43.c4 Rd3+ 44.Nc3 h4 0-1

[Event "Xtracon Chess Open 2018"]
[Site "Elsinore"]
[Date "2018.07.24"]
[Round "5"]
[White "Thybo, Jan"]
[Black "Nielsen, Peter"]
[Result "0-1"]
[WhiteElo "1272"]
[BlackElo "1707"]
[EventDate "2018.07.21"]
[WhiteFideId "1438824"]
[BlackFideId "1707485"]

1.e4 c5 2.g3 g6 3.Bg2 Bg7 4.Nc3 Nc6 5.d3 d6 6.Nge2 e6 7.O-O Nge7 8.Rb1 O-O
9.a3 a6 10.Bd2 b5 11.b4 cxb4 12.axb4 Bb7 13.Qc1 Re8 14.Bh6 Bh8 15.Bd2 Rc8 
16.Nd1 Qc7 17.c3 Ne5 18.Nb2 d5 19.d4 Nc4 20.e5 f6 21.Nd3 fxe5 22.Nc5 Nc6 
23.Nxb7 Qxb7 24.dxe5 Bxe5 25.Bf4 Qf7 26.Bh6 Bg7 27.Bxg7 Kxg7 28.Nf4 g5 29.
Nh3 h6 30.f4 g4 31.Nf2 h5 32.h3 Qf5 33.hxg4 hxg4 34.Qd1 Ne3 35.Qd3 Qxd3 
36.Nxd3 Nxf1 37.Rxf1 a5 38.bxa5 Nxa5 39.Ne5 Rxc3 40.Kh2 Rh8+ 0-1

[Event "Xtracon Chess Open 2018"]
[Site "Elsinore"]
[Date "2018.07.24"]
[Round "5"]
[White "Hinrichs, Kurt"]
[Black "Wahlgreen, Noah"]
[Result "1-0"]
[WhiteElo "1223"]
[BlackElo "1568"]
[EventDate "2018.07.21"]
[WhiteFideId "12994057"]
[BlackFideId "1457349"]

1.d4 Nf6 2.Bf4 g6 3.e3 Bg7 4.c3 d6 5.Nd2 Bf5 6.h3 h5 7.Ngf3 c5 8.Bc4 Nbd7 
9.O-O a6 10.Re1 b5 11.Bb3 O-O 12.e4 c4 13.Bc2 Be6 14.d5 Bxd5 15.exd5 Nxd5 
16.Bh2 Nc5 17.Ne4 Nxe4 18.Bxe4 Nxc3 19.bxc3 Bxc3 20.Bxa8 Qxa8 21.Rxe7 Bxa1
22.Qxa1 Qd8 23.Qe1 Qb6 24.Kf1 b4 25.Re8 a5 26.Rxf8+ Kxf8 27.Qd1 b3 28.axb3
cxb3 29.Qxd6+ Qxd6 30.Bxd6+ Ke8 31.Ba3 Kd7 32.Ne5+ Ke6 33.Nc4 a4 34.Nb2 
Kd5 35.Nxa4 Kd4 36.Bb2+ Kd3 37.Nc5+ Kc2 38.Bf6 b2 39.Bxb2 Kxb2 40.Nd7 g5 
41.f3 Kc3 42.Ke2 Kd4 43.Nf6 Ke5 44.Nxh5 Kf5 45.g4+ Kg6 46.Ng3 Kf6 47.Ke3 
Ke5 48.Nf5 f6 49.h4 Ke6 50.Ke4 Kf7 51.hxg5 fxg5 52.Ke5 Kg6 53.Ke6 Kh7 54.
Kf6 Kh8 55.Kxg5 Kh7 56.Kh5 Kg8 57.Nh4 Kh7 58.f4 Kh8 59.f5 Kh7 60.g5 Kh8 
61.f6 Kg8 62.g6 Kh8 63.Nf5 Kg8 64.f7+ Kf8 65.Ng3 Kg7 66.Kg5 Kf8 67.Kh6 Ke7
68.Kh7 Kf8 69.g7+ Kxf7 70.g8=Q+ Kf6 71.Ne2 Ke5 72.Qf8 Ke6 73.Kg6 Ke5 74.
Ng1 Kd5 75.Qe8 Kd6 76.Kf6 Kd5 77.Qe5+ Kc4 78.Qd6 Kc3 79.Ke5 Kc4 80.Qd4+ 
Kb3 81.Kd5 Kc2 82.Kc5 Kb3 83.Qc4+ Kb2 84.Kb4 Ka1 85.Qc3+ Ka2 86.Qb3+ Ka1 
87.Qe3 Ka2 88.Kc3 Ka3 89.Qa7# 1-0

[Event "Xtracon Chess Open 2018"]
[Site "Elsinore"]
[Date "2018.07.24"]
[Round "5"]
[White "Schjolin, John"]
[Black "Jensen, Hans Askov"]
[Result "0-1"]
[WhiteElo "1160"]
[BlackElo "1473"]
[EventDate "2018.07.21"]
[WhiteFideId "1439413"]
[BlackFideId "1419889"]

1.Nf3 Nf6 2.c4 g6 3.Nc3 Bg7 4.e4 d6 5.Be2 O-O 6.O-O Nbd7 7.d4 c5 8.d5 Ng4 
9.Bf4 Nge5 10.Qc2 Nxf3+ 11.Bxf3 Ne5 12.Be2 f5 13.f3 fxe4 14.fxe4 Bg4 15.
Bxe5 Bxe2 16.Qxe2 Bxe5 17.Rxf8+ Qxf8 18.Rf1 Qg7 19.Nd1 a6 20.g3 Rb8 21.Kg2
b5 22.Rf3 b4 23.Rb3 a5 24.a4 Rf8 25.Rf3 Rxf3 26.Kxf3 Qf6+ 27.Kg2 h5 28.h4 
Kg7 29.Qf2 e6 30.Qxf6+ Kxf6 31.Kf3 exd5 32.exd5 b3 33.g4 g5 34.hxg5+ Kxg5 
35.gxh5 Kxh5 36.Ke3 Kg5 37.Kd3 Kf4 38.Nc3 Kf3 39.Kd2 Bf4+ 40.Kd1 Ke3 41.
Ne2 Be5 42.Nc1 Bxb2 43.Nxb3 Bc3 44.Kc2 Bb4 45.Kb2 Kd3 46.Nc1+ Kxc4 47.Kc2 
Kxd5 48.Nd3 Kc4 49.Nb2+ Kd4 50.Kb3 d5 51.Kc2 c4 52.Nd1 Kc5 53.Nb2 d4 54.
Kc1 Bc3 55.Kc2 Bxb2 56.Kxb2 Kb4 0-1

[Event "Xtracon Chess Open 2018"]
[Site "Elsinore"]
[Date "2018.07.25"]
[Round "6"]
[White "Hammer, Jon Ludvig"]
[Black "Saric, Ivan"]
[Result "1-0"]
[WhiteElo "2631"]
[BlackElo "2689"]
[EventDate "2018.07.21"]
[WhiteFideId "1503707"]
[BlackFideId "14508150"]

1.e4 c5 2.Nc3 d6 3.Nge2 Nf6 4.h3 Nc6 5.g4 d5 6.exd5 Nxd5 7.Bg2 Nxc3 8.dxc3
Qxd1+ 9.Kxd1 h5 10.gxh5 e5 11.Ng3 Be6 12.Ke2 O-O-O 13.Be3 f5 14.Bg5 Re8 
15.h4 Kc7 16.Bh3 f4 17.Bxe6 Rxe6 18.Ne4 Rxh5 19.Rad1 Be7 20.Kf3 b6 21.Kg4 
g6 22.Rh3 c4 23.Rhh1 Rh8 24.h5 Bxg5 25.Nxg5 gxh5+ 26.Rxh5 Ree8 27.Ne6+ Kc8
28.Rxh8 Rxh8 29.Kf5 Rh2 30.Rd2 b5 31.b4 a5 32.a3 axb4 33.axb4 Rh3 34.Rd6 
Kb7 35.Nc5+ Kc7 36.Ne4 Rh4 37.Ke6 f3 38.Rd7+ Kb8 39.Kd5 Na7 40.Rf7 Nc8 41.
Rxf3 Ne7+ 42.Kxe5 Ng6+ 43.Kd4 Nf4 44.Nd6 Nd3+ 45.Ke3 1-0

[Event "Xtracon Chess Open 2018"]
[Site "Elsinore"]
[Date "2018.07.25"]
[Round "6"]
[White "Andersen, Mads"]
[Black "Agdestein, Simen"]
[Result "0-1"]
[WhiteElo "2597"]
[BlackElo "2581"]
[EventDate "2018.07.21"]
[WhiteFideId "1413864"]
[BlackFideId "1500015"]

1.c4 c5 2.Nf3 Nf6 3.Nc3 d5 4.cxd5 Nxd5 5.e3 e6 6.Nxd5 exd5 7.b4 cxb4 8.Bb2
Nc6 9.Rc1 Qd6 10.Nd4 a6 11.f4 Qg6 12.Qf3 Be7 13.Qxd5 O-O 14.f5 Qg5 15.Bd3 
Rd8 16.Qe4 Bf6 17.Nxc6 bxc6 18.Bxf6 Qxf6 19.Ke2 Rb8 20.Rc5 b3 21.axb3 Rxb3
22.Bc2 Rb2 23.g4 a5 24.h4 Qd6 25.d4 Qg3 26.Kd2 Bd7 27.Kc1 Rdb8 28.h5 Ra2 
29.f6 gxf6 30.Qxh7+ Kf8 31.Qe4 Qf2 0-1

[Event "Xtracon Chess Open 2018"]
[Site "Elsinore"]
[Date "2018.07.25"]
[Round "6"]
[White "Moradiabadi, Elshan"]
[Black "Vitiugov, Nikita"]
[Result "1/2-1/2"]
[WhiteElo "2538"]
[BlackElo "2734"]
[EventDate "2018.07.21"]
[WhiteFideId "12501255"]
[BlackFideId "4152956"]

1.d4 Nf6 2.c4 e6 3.Nf3 d5 4.Nc3 c6 5.Bg5 Nbd7 6.e3 Qa5 7.Nd2 Bb4 8.Qc2 O-O
9.Be2 e5 10.O-O exd4 11.Nb3 Qc7 12.Nxd4 dxc4 13.Bxc4 Bd6 14.h3 Be5 1/2-1/2

[Event "Xtracon Chess Open 2018"]
[Site "Elsinore"]
[Date "2018.07.25"]
[Round "6"]
[White "Svane, Rasmus"]
[Black "Sawatzki, Frank"]
[Result "1-0"]
[WhiteElo "2580"]
[BlackElo "2380"]
[EventDate "2018.07.21"]
[WhiteFideId "4657101"]
[BlackFideId "4613600"]

1.d4 d5 2.c4 c6 3.Nc3 Nf6 4.e3 a6 5.Nf3 Bf5 6.cxd5 cxd5 7.Ne5 Nc6 8.Bd2 
Nxe5 9.dxe5 Ne4 10.Nxe4 Bxe4 11.e6 fxe6 12.Bc3 Rc8 13.f3 Bg6 14.h4 h5 15.
Bd3 Rh6 16.O-O e5 17.Bxe5 Bf7 18.f4 e6 19.f5 Qxh4 20.Rc1 Rc5 21.fxe6 1-0

[Event "Xtracon Chess Open 2018"]
[Site "Elsinore"]
[Date "2018.07.25"]
[Round "6"]
[White "Urkedal, Frode Olav Olsen"]
[Black "Keymer, Vincent"]
[Result "0-1"]
[WhiteElo "2552"]
[BlackElo "2466"]
[EventDate "2018.07.21"]
[WhiteFideId "1506102"]
[BlackFideId "12940690"]

1.d4 Nf6 2.Nf3 d5 3.c4 e6 4.Nc3 c5 5.cxd5 Nxd5 6.e3 cxd4 7.exd4 Nxc3 8.
bxc3 Qc7 9.Bd2 Nd7 10.Bd3 b6 11.O-O Bb7 12.Ng5 Bd6 13.Qh5 Nf6 14.Bb5+ Kf8 
15.Qh3 h6 16.Nf3 Ne4 17.Rad1 Kg8 18.Ne5 Bxe5 19.dxe5 Qxe5 20.Ba4 Ng5 21.
Qg3 Qxg3 22.hxg3 Ne4 23.Bc2 Nxd2 24.Rxd2 Bc6 25.f4 g6 26.g4 Kg7 27.f5 Rhd8
28.f6+ Kf8 29.Rfd1 Ke8 30.Rd6 Rac8 31.Kf2 Rxd6 32.Rxd6 Bd7 33.Rd3 Rc4 34.
Kg3 g5 35.Bb3 Rf4 36.Rf3 Rxf3+ 37.gxf3 Bc6 38.f4 Kd7 39.f5 Bd5 40.c4 Be4 
41.c5 bxc5 42.fxe6+ fxe6 43.f7 Ke7 44.Bxe6 Bg6 0-1

[Event "Xtracon Chess Open 2018"]
[Site "Elsinore"]
[Date "2018.07.25"]
[Round "6"]
[White "Andreikin, Dmitry"]
[Black "Ochsner, Bjorn Moller"]
[Result "1/2-1/2"]
[WhiteElo "2702"]
[BlackElo "2469"]
[EventDate "2018.07.21"]
[WhiteFideId "4158814"]
[BlackFideId "1416928"]

1.d4 Nf6 2.c4 g6 3.Nc3 Bg7 4.e4 d6 5.Be2 O-O 6.Bg5 c5 7.d5 e6 8.Qd2 exd5 
9.exd5 Qb6 10.a4 Re8 11.f3 Na6 12.Kf1 Nb4 13.Rc1 a6 14.g4 1/2-1/2

[Event "Xtracon Chess Open 2018"]
[Site "Elsinore"]
[Date "2018.07.25"]
[Round "6"]
[White "Salomon, Johan"]
[Black "Grandelius, Nils"]
[Result "1/2-1/2"]
[WhiteElo "2462"]
[BlackElo "2668"]
[EventDate "2018.07.21"]
[WhiteFideId "1509500"]
[BlackFideId "1710400"]

1.Nf3 d5 2.g3 Nd7 3.d4 b5 4.e4 dxe4 5.Ng5 Ngf6 6.Bg2 Bb7 7.Nd2 e6 8.Qe2 
Bd5 9.a4 b4 10.Ndxe4 h6 11.Nxf6+ Nxf6 12.Ne4 Be7 13.O-O Nxe4 14.Bxe4 Bxe4 
15.Qxe4 Qd5 16.Qxd5 exd5 17.Re1 Kd7 18.Bf4 Rhe8 19.Re5 c6 20.Rae1 Bf6 21.
Rxe8 Rxe8 22.Rxe8 Kxe8 23.Be3 g5 24.b3 Kd7 25.f3 Ke6 26.Kf2 Be7 27.Ke2 Bd6
28.Bg1 Be7 29.g4 f5 30.h3 f4 31.Kd3 a5 32.Bf2 Kd7 33.Bg1 1/2-1/2

[Event "Xtracon Chess Open 2018"]
[Site "Elsinore"]
[Date "2018.07.25"]
[Round "6"]
[White "Mu, Ke"]
[Black "Jobava, Baadur"]
[Result "1/2-1/2"]
[WhiteElo "2455"]
[BlackElo "2644"]
[EventDate "2018.07.21"]
[WhiteFideId "8602778"]
[BlackFideId "13601520"]

1.d4 d5 2.c4 c6 3.Nf3 Nf6 4.cxd5 cxd5 5.Nc3 Nc6 6.Bf4 Bf5 7.e3 e6 8.Bd3 
Bxd3 9.Qxd3 Bd6 10.Bxd6 Qxd6 11.O-O O-O 12.Rac1 Rfc8 13.a3 Qd8 14.Rc2 Ne7 
15.Rfc1 h6 16.Ne2 Rxc2 17.Rxc2 Rc8 18.Rxc8 Qxc8 19.Qc3 Qxc3 20.Nxc3 
1/2-1/2

[Event "Xtracon Chess Open 2018"]
[Site "Elsinore"]
[Date "2018.07.25"]
[Round "6"]
[White "Maze, Sebastien"]
[Black "Johansson, Linus"]
[Result "1-0"]
[WhiteElo "2628"]
[BlackElo "2454"]
[EventDate "2018.07.21"]
[WhiteFideId "613762"]
[BlackFideId "1711113"]

1.d4 Nf6 2.Nf3 d5 3.Bf4 Bf5 4.e3 e6 5.c4 Bxb1 6.Rxb1 Bb4+ 7.Ke2 Bd6 8.g3 
O-O 9.Qc2 c6 10.Bg2 Bxf4 11.gxf4 Nbd7 12.Rhc1 a5 13.Nd2 a4 14.Bf3 Qa5 15.
Kf1 Rfc8 16.Qc3 g6 17.Rc2 Kg7 18.Be2 Qd8 19.Bf3 Qa5 20.Qxa5 Rxa5 21.Be2 
Rca8 22.c5 Kf8 23.Rc3 Ke7 24.Rbc1 Ne8 25.Ra3 Nc7 26.Nb1 Nb5 27.Rd3 h6 28.
h4 Nc7 29.f3 Rb8 30.Ra3 Nb5 31.b4 Nxa3 32.bxa5 Nb5 33.Bxb5 cxb5 34.Nc3 b4 
35.Nxa4 Ra8 36.Rb1 Rxa5 37.Rxb4 Ra7 38.Ke2 f6 39.Nc3 g5 40.hxg5 fxg5 41.
fxg5 hxg5 42.a4 Nb8 43.Kd3 Nc6 44.Rb1 Kf7 45.e4 dxe4+ 46.fxe4 Kg6 47.Ke3 
Kf6 48.Rf1+ Kg7 49.d5 exd5 50.exd5 Ne5 51.Kd4 Nd7 52.Re1 Kf8 53.Rb1 Ke8 
54.c6 bxc6 55.dxc6 Nf8 56.Rb8+ Ke7 57.Kc5 Ra5+ 58.Kb6 Re5 59.Rxf8 1-0

[Event "Xtracon Chess Open 2018"]
[Site "Elsinore"]
[Date "2018.07.25"]
[Round "6"]
[White "Holm, Kristian Stuvik"]
[Black "Tari, Aryan"]
[Result "1/2-1/2"]
[WhiteElo "2453"]
[BlackElo "2615"]
[EventDate "2018.07.21"]
[WhiteFideId "1508083"]
[BlackFideId "1510045"]

1.Nf3 g6 2.e4 d6 3.d4 Nf6 4.Nc3 Bg7 5.h3 O-O 6.Be3 c6 7.a4 a5 8.e5 Nd5 9.
Nxd5 cxd5 10.Bb5 Nc6 11.exd6 Qxd6 12.O-O Bf5 13.Qd2 f6 14.Bf4 e5 15.Bg3 
Be4 16.dxe5 fxe5 17.Ng5 Bf5 18.Rfe1 Rad8 19.Rad1 Qe7 20.Nf3 e4 21.Bxc6 
bxc6 22.Nd4 Qc5 23.Re3 Rc8 24.Rc3 Qb6 25.Bd6 Rf7 26.Bc5 Qc7 27.Rb3 Bd7 28.
Qg5 Be5 29.Ne2 Rb8 30.Rxb8+ Qxb8 31.b3 Bc7 32.Qe3 Qe8 33.c4 Qe5 34.Ng3 h5 
35.Qh6 Qe6 36.cxd5 cxd5 37.Bd4 Rh7 38.Qg5 h4 39.Nf1 Rh5 40.Qc1 Qd6 41.Bc5 
Qe5 42.Bd4 Qd6 43.Bc5 Qe5 44.Bd4 1/2-1/2

[Event "Xtracon Chess Open 2018"]
[Site "Elsinore"]
[Date "2018.07.25"]
[Round "6"]
[White "Korley, Kassa"]
[Black "Bosiocic, Marin"]
[Result "1-0"]
[WhiteElo "2443"]
[BlackElo "2589"]
[EventDate "2018.07.21"]
[WhiteFideId "2033801"]
[BlackFideId "14507927"]

1.Nf3 d6 2.d4 g6 3.e4 Nf6 4.Nbd2 Bg7 5.c3 O-O 6.Bc4 Nc6 7.O-O Bg4 8.Re1 e5
9.h3 Bd7 10.dxe5 dxe5 11.a4 Nh5 12.Nb3 b6 13.a5 Qe7 14.Bg5 Bf6 15.Be3 Rad8
16.Qe2 Rfe8 17.Bd5 Nf4 18.Qc4 b5 19.Qf1 Bg7 20.Nc5 Nb8 21.Bxf4 exf4 22.
Nxd7 Qxd7 23.Ng5 Rf8 24.Bxf7+ Rxf7 25.Rad1 Qe7 26.Rxd8+ Qxd8 27.Nxf7 Kxf7 
28.Qxb5 a6 29.Qb3+ Kf8 30.Rd1 Qc8 31.Qb4+ Kg8 32.Qc4+ Kh8 33.Qd5 Bf6 34.
Qf7 Be5 35.Rd5 Bg7 36.e5 Nc6 37.e6 Qg8 38.Qd7 1-0

[Event "Xtracon Chess Open 2018"]
[Site "Elsinore"]
[Date "2018.07.25"]
[Round "6"]
[White "Hansen, Sune Berg"]
[Black "Bjerre, Jonas Buhl"]
[Result "1-0"]
[WhiteElo "2584"]
[BlackElo "2436"]
[EventDate "2018.07.21"]
[WhiteFideId "1400266"]
[BlackFideId "1444948"]

1.d4 Nf6 2.c4 e6 3.Nc3 Bb4 4.e3 O-O 5.Bd3 d5 6.cxd5 exd5 7.Ne2 b6 8.O-O a5
9.Bd2 Ba6 10.Bc2 Bd6 11.f3 c5 12.Be1 cxd4 13.exd4 Qc7 14.Kh1 Nbd7 15.Bd3 
Bxd3 16.Qxd3 Qc4 17.Qxc4 dxc4 18.Nb5 Be7 19.Nec3 Bb4 20.Bg3 Bxc3 21.Nxc3 
Rfe8 22.Rfe1 Re6 23.Kg1 Rae8 24.Rxe6 Rxe6 25.Kf2 Kf8 26.Rc1 Rc6 27.Nb5 Nd5
28.a3 g5 29.Na7 c3 30.Nxc6 cxb2 31.Bd6+ Kg7 32.Re1 Nc3 33.Ke3 b1=Q 34.Rxb1
Nxb1 35.Kd3 Kf6 36.Nd8 1-0

[Event "Xtracon Chess Open 2018"]
[Site "Elsinore"]
[Date "2018.07.25"]
[Round "6"]
[White "Vestby-Ellingsen, Mads"]
[Black "Chatalbashev, Boris"]
[Result "0-1"]
[WhiteElo "2429"]
[BlackElo "2543"]
[EventDate "2018.07.21"]
[WhiteFideId "1520857"]
[BlackFideId "2900440"]

1.e4 c5 2.Nf3 Nc6 3.Bb5 g6 4.Bxc6 dxc6 5.d3 Bg7 6.h3 b6 7.O-O Nf6 8.Nc3 
Nd7 9.Be3 e5 10.Qd2 h6 11.Nh2 Nf8 12.f4 exf4 13.Rxf4 g5 14.Rff1 Ng6 15.a3 
O-O 16.b4 cxb4 17.axb4 f5 18.exf5 Bxf5 19.Rae1 Qd6 20.Ne2 Rae8 21.Bf2 Be5 
22.Nf3 Bxh3 23.Nxe5 Nxe5 24.Ng3 Bf5 25.Nxf5 Rxf5 26.Bg3 Qd4+ 27.Kh1 Rxf1+ 
28.Rxf1 Ng4 29.Qd1 Re3 30.Bf4 h5 31.Bxe3 Nxe3 32.Qxh5 Nxf1 33.Qe8+ Kg7 34.
Qe7+ Kg6 35.Qe8+ Kg7 36.Qe7+ Kg6 37.Qe8+ Kh6 38.Qf8+ Kh5 39.Qxf1 Qh4+ 40.
Kg1 Qd4+ 41.Kh1 Qe3 42.c4 Kh4 43.Kh2 Qe5+ 44.Kg1 g4 45.Qf2+ g3 46.Qf3 Qa1+
47.Qf1 Qd4+ 48.Kh1 Kg5 49.Qc1+ Kf5 50.Qf1+ Qf4 51.Qe1 Qh4+ 52.Kg1 Qh2+ 53.
Kf1 Qh1+ 54.Ke2 Qxg2+ 55.Ke3 b5 56.cxb5 cxb5 0-1

[Event "Xtracon Chess Open 2018"]
[Site "Elsinore"]
[Date "2018.07.25"]
[Round "6"]
[White "Akesson, Ralf"]
[Black "Rasmussen, Allan Stig"]
[Result "0-1"]
[WhiteElo "2397"]
[BlackElo "2536"]
[EventDate "2018.07.21"]
[WhiteFideId "1700120"]
[BlackFideId "1406000"]

1.d4 Nf6 2.c4 e6 3.Nf3 d5 4.Nc3 Bb4 5.cxd5 exd5 6.Qa4+ Nc6 7.Bg5 h6 8.Bxf6
Qxf6 9.Ne5 O-O 10.Nxc6 Bxc3+ 11.bxc3 bxc6 12.g3 a5 13.Bg2 Ba6 14.Qc2 Rfe8 
15.e3 Rab8 16.Rc1 Rb6 17.Qd2 Reb8 18.f3 Qg6 19.e4 dxe4 20.fxe4 c5 21.dxc5 
Rb2 22.Rc2 Rxc2 23.Qxc2 Qg5 24.Kf2 Qxc5+ 25.Kf3 f5 26.exf5 Rd8 27.Kg4 Bd3 
28.Qb3+ Kh7 29.Qe6 Rd6 30.Qc8 h5+ 0-1

[Event "Xtracon Chess Open 2018"]
[Site "Elsinore"]
[Date "2018.07.25"]
[Round "6"]
[White "Hjartarson, Johann"]
[Black "Hilby, Craig"]
[Result "1-0"]
[WhiteElo "2523"]
[BlackElo "2426"]
[EventDate "2018.07.21"]
[WhiteFideId "2300044"]
[BlackFideId "2062674"]

1.c4 g6 2.e4 Bg7 3.d4 e6 4.Nc3 Ne7 5.Nf3 O-O 6.h4 d5 7.e5 c5 8.dxc5 Qa5 9.
Bd2 Qxc5 10.Rc1 dxc4 11.Ne4 Qb6 12.Bxc4 Nd7 13.Bc3 Rd8 14.Qe2 Nd5 15.Bd4 
Qa5+ 16.Kf1 b5 17.Bxd5 exd5 18.Nd6 Nf8 19.h5 Ne6 20.hxg6 hxg6 21.g3 Qxa2 
22.Kg2 Qb3 23.Qd2 a5 24.Rh4 b4 25.Rch1 Ba6 26.Rh7 Kf8 27.Rxg7 1-0

[Event "Xtracon Chess Open 2018"]
[Site "Elsinore"]
[Date "2018.07.25"]
[Round "6"]
[White "Delorme, Axel"]
[Black "Percivaldi, Martin"]
[Result "1-0"]
[WhiteElo "2515"]
[BlackElo "2393"]
[EventDate "2018.07.21"]
[WhiteFideId "632023"]
[BlackFideId "1508148"]

1.Nf3 Nf6 2.g3 b6 3.Bg2 Bb7 4.c4 e6 5.O-O g6 6.d3 d5 7.cxd5 exd5 8.Qa4+ 
Qd7 9.Qh4 Be7 10.Bg5 Qd8 11.Nc3 h6 12.e4 dxe4 13.dxe4 Nh5 14.Bxe7 Qxe7 15.
Qxe7+ Kxe7 16.Nd5+ Bxd5 17.exd5 a6 18.Rfe1+ Kf6 19.Ne5 Ra7 20.Ng4+ Kg7 21.
Re7 Rd8 22.Ne5 Kf6 23.Rxf7+ Kxe5 24.Re1+ Kd4 25.g4 Nd7 26.gxh5 gxh5 27.
Rf4+ Kc5 28.b4+ Kb5 29.Bf1+ Ka4 30.b5+ Ka3 31.Re3+ Kb2 32.Rb4+ Kc1 33.Rc3+
Kd2 34.Rd3+ Kc2 35.Rc4+ Kb1 36.Rd2 Ne5 37.Rc3 Rg8+ 38.Bg2 axb5 39.Kf1 Rg4 
40.Re2 Nc4 41.Rd3 Kc1 42.Bf3 Rf4 43.Rc3+ Kb1 44.Bxh5 Rf6 45.Rb3+ Kc1 46.
Re1+ Kd2 47.Re2+ Kc1 48.Rc3+ Kb1 49.Rd3 Kc1 50.Ke1 Nb2 51.Rc3+ Kb1 52.a3 
b4 53.axb4 Ra1 54.f3 Rf4 55.Bg6+ Ka2+ 56.Kf2 Rd1 57.Rxc7 Rdd4 58.Bc2 Ka3 
59.Re3+ 1-0

[Event "Xtracon Chess Open 2018"]
[Site "Elsinore"]
[Date "2018.07.25"]
[Round "6"]
[White "Venkataraman, Karthik"]
[Black "Roy, Prantik"]
[Result "1/2-1/2"]
[WhiteElo "2514"]
[BlackElo "2347"]
[EventDate "2018.07.21"]
[WhiteFideId "25006479"]
[BlackFideId "5035120"]

1.e4 c6 2.d4 d5 3.e5 Bf5 4.Nf3 e6 5.Be2 Nd7 6.O-O Ne7 7.Nbd2 h6 8.Nb3 Bg4 
9.Ne1 Bxe2 10.Qxe2 Nf5 11.Nd3 h5 12.a4 Rc8 13.a5 c5 14.dxc5 Nxc5 15.Nbxc5 
Bxc5 16.c3 a6 17.Rd1 Qh4 18.b3 Qg4 19.Qf1 Be7 20.Ra4 Qg6 21.c4 d4 22.Qe2 
Qh7 23.Bd2 O-O 24.h3 h4 25.Qe4 Rfd8 26.Qxb7 Rb8 27.Qe4 Rxb3 28.Bb4 Qh5 29.
Qg4 Qh6 30.Bxe7 Nxe7 31.Nc5 Rc3 32.Nxa6 Nc6 33.Nc5 Nxe5 34.Qe2 Qf4 35.Ne4 
Rc1 36.Nd2 d3 37.Qe1 Rxd1 38.Qxd1 Qd4 39.a6 Qb2 40.a7 Ra8 41.Ra6 g6 42.Qe1
Qb7 43.Ra3 Nc6 44.Qe4 Rxa7 45.Rxa7 Qxa7 46.Qxd3 Qa1+ 47.Qf1 Qd4 48.Nf3 Qf4
49.Qd3 1/2-1/2

[Event "Xtracon Chess Open 2018"]
[Site "Elsinore"]
[Date "2018.07.25"]
[Round "6"]
[White "Mikalsen, Erlend"]
[Black "Lin, Chen"]
[Result "0-1"]
[WhiteElo "2292"]
[BlackElo "2508"]
[EventDate "2018.07.21"]
[WhiteFideId "1507338"]
[BlackFideId "8602298"]

1.e4 e5 2.Nf3 Nc6 3.Bb5 Nf6 4.O-O Nxe4 5.d4 Nd6 6.Bxc6 dxc6 7.dxe5 Nf5 8.
Qxd8+ Kxd8 9.Nc3 Ke8 10.h3 h6 11.b3 Be6 12.g4 Bb4 13.Bb2 Ne7 14.Nd4 Bd7 
15.Rfe1 c5 16.e6 cxd4 17.exd7+ Kd8 18.Ne4 Bxe1 19.Rxe1 Nc6 20.c3 Kxd7 21.
cxd4 Nb4 22.Nc5+ Kc6 23.a3 Nd5 24.Rc1 Rhg8 25.Nd3+ Kd6 26.a4 c6 27.b4 a6 
28.b5 axb5 29.axb5 cxb5 30.Nc5 b6 31.Ne4+ Kd7 0-1

[Event "Xtracon Chess Open 2018"]
[Site "Elsinore"]
[Date "2018.07.25"]
[Round "6"]
[White "Buchenau, Frank"]
[Black "Hector, Jonny"]
[Result "0-1"]
[WhiteElo "2275"]
[BlackElo "2499"]
[EventDate "2018.07.21"]
[WhiteFideId "4604350"]
[BlackFideId "1700090"]

1.e4 e5 2.Nf3 Nc6 3.Bc4 Nf6 4.d3 Bc5 5.O-O O-O 6.Re1 d6 7.c3 Ne7 8.Bb3 Ng6
9.Nbd2 Be6 10.Nf1 d5 11.exd5 Nxd5 12.d4 exd4 13.Nxd4 Qf6 14.Ng3 Bxd4 15.
cxd4 Ngf4 16.Bc2 Rfe8 17.Re5 g6 18.Ne4 Qg7 19.Bxf4 Nxf4 20.Qf3 Nh5 21.Rxh5
gxh5 22.Nf6+ Kh8 23.Nxe8 Rxe8 24.Qxh5 Bg4 25.Qh4 Bf3 26.Qg3 Bc6 27.Qxg7+ 
Kxg7 28.b4 Bd5 29.g3 Re2 30.Bb3 Bf3 31.Kf1 Rd2 32.Re1 Kf6 33.Re3 Bc6 34.a4
Rxd4 35.b5 Be4 36.Ke2 c5 37.bxc6 Bxc6 38.a5 a6 39.f4 Rb4 40.Bc2 Rb2 41.Kd3
Rb5 42.Kd4 Rd5+ 43.Kc4 Rxa5 44.g4 Ra2 45.g5+ Kg7 46.Rc3 Ba4 47.Be4 Rf2 48.
f5 f6 49.gxf6+ Kxf6 50.Bxb7 Bb5+ 51.Kd4 Rd2+ 52.Ke4 Rxh2 53.Bxa6 Rh4+ 54.
Kd5 Bxa6 55.Rc6+ Kxf5 56.Rxa6 h5 57.Rh6 Kg5 58.Rh8 Ra4 59.Ke5 Kg4 60.Rg8+ 
Kf3 61.Rf8+ Ke3 62.Rh8 h4 63.Rb8 Kf3 64.Rf8+ Kg3 65.Rg8+ Rg4 66.Ra8 h3 67.
Kf5 h2 68.Ra3+ Kh4 69.Ra8 Rg5+ 70.Kf4 h1=Q 0-1

[Event "Xtracon Chess Open 2018"]
[Site "Elsinore"]
[Date "2018.07.25"]
[Round "6"]
[White "Thybo, Jesper Sondergaard"]
[Black "Debarshi, Mukherjee"]
[Result "1-0"]
[WhiteElo "2497"]
[BlackElo "2292"]
[EventDate "2018.07.21"]
[WhiteFideId "1438832"]
[BlackFideId "5007291"]

1.d4 Nf6 2.c4 g6 3.f3 d5 4.cxd5 Nxd5 5.e4 Nb6 6.Nc3 Bg7 7.Be3 O-O 8.Qd2 e5
9.d5 c6 10.h4 cxd5 11.exd5 N8d7 12.h5 Nf6 13.hxg6 fxg6 14.O-O-O Bd7 15.Kb1
Rc8 16.d6 e4 17.fxe4 Qe8 18.Nf3 Na4 19.e5 Nxc3+ 20.bxc3 Ne4 21.Qd5+ Be6 
22.Qxe4 Bf5 23.Qxf5 gxf5 24.d7 Qe7 25.dxc8=Q Rxc8 26.Bd4 b5 27.Bd3 Rf8 28.
Nh4 Qe6 29.Bc2 Kh8 30.g4 1-0

[Event "Xtracon Chess Open 2018"]
[Site "Elsinore"]
[Date "2018.07.25"]
[Round "6"]
[White "Matthiesen, Martin"]
[Black "Bekker-Jensen, Simon"]
[Result "0-1"]
[WhiteElo "2273"]
[BlackElo "2483"]
[EventDate "2018.07.21"]
[WhiteFideId "1404067"]
[BlackFideId "1403613"]

1.d4 Nf6 2.Bg5 e6 3.e4 h6 4.Bxf6 Qxf6 5.c3 d6 6.Bd3 g6 7.Ne2 e5 8.O-O Bg7 
9.f4 Qe7 10.Nd2 O-O 11.Nc4 Nd7 12.Qd2 b6 13.Rae1 Bb7 14.Kh1 Rae8 15.Bc2 
Ba6 16.Bb3 exd4 17.Nxd4 Nc5 18.e5 d5 19.Ne3 Nxb3 20.axb3 Bxf1 21.Rxf1 Qd7 
22.f5 h5 23.e6 fxe6 24.Nxe6 Rxe6 25.fxe6 Rxf1+ 26.Nxf1 Qxe6 27.Ne3 c6 28.
Nc2 Qe4 29.b4 Kh7 30.Kg1 c5 31.bxc5 bxc5 32.h3 d4 33.cxd4 Bxd4+ 0-1

[Event "Xtracon Chess Open 2018"]
[Site "Elsinore"]
[Date "2018.07.25"]
[Round "6"]
[White "Aagaard, Jacob"]
[Black "Foisor, Sabina-Francesca"]
[Result "1-0"]
[WhiteElo "2482"]
[BlackElo "2285"]
[EventDate "2018.07.21"]
[WhiteFideId "1401815"]
[BlackFideId "1212915"]

1.d4 d5 2.c4 c6 3.Nf3 Nf6 4.Nc3 a6 5.e3 g6 6.Bd2 Bg7 7.Rc1 O-O 8.h3 Ne4 9.
Bd3 Bf5 10.Qc2 Nxd2 11.Qxd2 Bxd3 12.Qxd3 dxc4 13.Qxc4 Nd7 14.Qb4 Rb8 15.
O-O Nf6 16.e4 Qd6 17.Qb3 Qf4 18.Rfe1 Ne8 19.Rcd1 Nc7 20.e5 Rfd8 21.Qb6 Nd5
22.Nxd5 cxd5 23.Rc1 Rdc8 24.Rxc8+ Rxc8 25.e6 f6 26.Qxb7 Qc7 27.Qxa6 Rb8 
28.Qe2 Bh6 29.g3 Qa5 30.b3 Ra8 31.a4 Qc3 32.Rb1 Rb8 33.Kg2 Qb4 34.Qa6 Kg7 
35.Qc6 Rd8 36.Qc7 Ra8 37.Qd7 Ra5 38.Rb2 Qd6 39.Rc2 Ra6 40.Qe8 Qxe6 41.Rc8 
g5 42.Qh8+ 1-0